Štruktúra vzdelania v Slovenskej republike a absorpčná schopnosť Európskeho sociálneho fondu v skrátenom programovacom období 2004-2006
Identifikácia vzdelanostnej úrovne obyvateľov Slovenska a jeho jednotlivých regiónov. Poukázanie na základe ESF dosahu intervencií na rozvoj ľudských zdrojov v programovacom období 2004-2006. Rozmanitosť sociálno-ekonomického potenciálu v regiónoch Slovenska implikoval rôznorodý prístup k prioritám...
Na minha lista:
| Autor principal: | |
|---|---|
| Outros Autores: | |
| Formato: | Capítulo de Livro |
| Idioma: | eslovaco |
| Assuntos: | |
| Tags: |
Sem tags, seja o primeiro a adicionar uma tag!
|
MARC
| LEADER | 00000nla$a2200000$$$4500 | ||
|---|---|---|---|
| 001 | 0083990 | ||
| 005 | 20240613065047.8 | ||
| 041 | 0 | |a slo | |
| 044 | |a CZ | ||
| 245 | 1 | 0 | |a Štruktúra vzdelania v Slovenskej republike a absorpčná schopnosť Európskeho sociálneho fondu v skrátenom programovacom období 2004-2006 |c Viera Vlčková, Alžbeta Ivaničková |
| 520 | |a Identifikácia vzdelanostnej úrovne obyvateľov Slovenska a jeho jednotlivých regiónov. Poukázanie na základe ESF dosahu intervencií na rozvoj ľudských zdrojov v programovacom období 2004-2006. Rozmanitosť sociálno-ekonomického potenciálu v regiónoch Slovenska implikoval rôznorodý prístup k prioritám a opatreniam zameraným na oblasť rozvoja ľudských zdrojov. Všetky regióny môžu mať prospech z investovania do oblasti ľudských zdrojov, ale nie všetky regióny sú rovnako pripravené na takéto investovanie. | ||
| 610 | 2 | 0 | |a vzdelanosť |
| 610 | 2 | 0 | |a školy stredné |
| 610 | 2 | 0 | |a školy vysoké |
| 610 | 2 | 0 | |a Slovensko |
| 610 | 2 | 0 | |a regióny |
| 610 | 2 | 0 | |a Európska únia |
| 610 | 2 | 0 | |a fondy finančné |
| 610 | 2 | 0 | |a investície nevýrobné |
| 610 | 2 | 0 | |a zdroje ľudské |
| 100 | 1 | |a Vlčková, Viera | |
| 700 | 1 | |a Ivaničková, Alžbeta | |